[Event "Braila GP RO Stage 5"]
[Site "Braila"]
[Date "2022.11.05"]
[Round "1"]
[White "Zilka, Stepan"]
[Black "Taran, Sebastian"]
[Result "1-0"]
[WhiteElo "2602"]
[BlackElo "1932"]
[PlyCount "118"]
[EventDate "2022.11.05"]
[EventType "swiss (rapid)"]
[EventRounds "10"]
[EventCountry "ROU"]
[SourceTitle "EXT 2024"]
[Source "ChessBase"]
[SourceDate "2023.10.10"]
[SourceVersion "1"]
[SourceVersionDate "2023.10.10"]
[SourceQuality "1"]

1. e4 e5 2. Nf3 Nc6 3. Bb5 Nf6 4. 0-0 Bd6 5. d4 Qe7 6. Re1 0-0 7. Bg5 h6 8. Bh4 a6 9. Ba4 b5 10. Bb3 Na5 11. Bg3 Nc6 12. Bd5 Bb4 13. c3 Ba5 14. Bxc6 dxc6 15. Nxe5 Bb7 16. b4 Bb6 17. Nd2 a5 18. a3 axb4 19. axb4 Rad8 20. Qe2 Nd7 21. Ndf3 Nxe5 22. Nxe5 Rfe8 23. h3 f6 24. Nd3 Bc8 25. Kh2 Be6 26. f4 Bc4 27. Qf3 Qd7 28. Nb2 Bf7 29. f5 Rf8 30. Nd3 Bc4 31. Nf4 Rfe8 32. Nh5 Rf8 33. Qg4 Qf7 34. e5 Kh8 35. e6 Qe7 36. Qxg7+ Qxg7 37. Nxg7 Kxg7 38. e7 Rd5 39. exf8Q+ Kxf8 40. Ra8+ Kf7 41. Rae8 Rxf5 42. R8e7+ Kg6 43. Bxc7 Bxc7+ 44. Rxc7 Bd5 45. Rce7 Rf2 46. R7e2 Rf4 47. Kg1 Rf5 48. Rf2 Rg5 49. Kh2 h5 50. Re3 h4 51. g4 Kf7 52. Rfe2 Rg8 53. Re7+ Kg6 54. Re8 Rg7 55. R2e7 Bf7 56. Rh8 Kg5 57. Rf8 Kg6 58. Kg1 f5 59. g5 Bd5 1-0

[Event "Wch U14"]
[Site "Mamaia"]
[Date "2022.09.07"]
[Round "2"]
[White "Taran, Sebastian"]
[Black "Costa, Leonardo"]
[Result "0-1"]
[WhiteElo "2001"]
[BlackElo "2392"]
[PlyCount "65"]
[EventDate "2022.09.06"]
[EventType "swiss"]
[EventRounds "11"]
[EventCountry "ROU"]
[SourceTitle "CBM 210 Extra"]
[Source "ChessBase"]
[SourceDate "2022.11.30"]
[SourceVersion "1"]
[SourceVersionDate "2022.11.30"]
[SourceQuality "1"]

1. Nf3 Nf6 2. g3 g6 3. b3 Bg7 4. Bb2 0-0 5. Bg2 c5 6. c4 Nc6 7. 0-0 d6 8. d4 cxd4 9. Nxd4 Bd7 10. Nc3 Rc8 11. e4 a6 12. Nd5 Nxd5 13. exd5 Nxd4 14. Bxd4 Bxd4 15. Qxd4 b5 16. cxb5 axb5 17. Rfe1 Re8 18. h4 Qa5 19. Re3 Rc2 20. a3 Bf5 21. g4 Bc8 22. Rae1 e5 23. dxe6 Rxe6 24. b4 Qd8 25. Rxe6 Bxe6 26. Bd5 Bxd5 27. Qxd5 Qf6 28. Qg2 Qxh4 29. Qf3 Rc4 30. Re4 Rc1+ 31. Kg2 Qh1+ 32. Kg3 Rg1+ 33. Kf4 0-1

[Event "Targu Mures op 3rd"]
[Site "Targu Mures"]
[Date "2022.06.10"]
[Round "8"]
[White "Vajda, Mihaly"]
[Black "Taran, Sebastian"]
[Result "1-0"]
[WhiteElo "1685"]
[BlackElo "1883"]
[PlyCount "99"]
[EventDate "2022.06.05"]
[EventType "swiss"]
[EventRounds "9"]
[EventCountry "ROU"]
[SourceTitle "EXT 2024"]
[Source "ChessBase"]
[SourceDate "2023.10.10"]
[SourceVersion "1"]
[SourceVersionDate "2023.10.10"]
[SourceQuality "1"]

1. c4 Nf6 2. Nc3 c5 3. g3 Nc6 4. Bg2 g6 5. e4 e5 6. Nge2 Bg7 7. d3 d6 8. 0-0 0-0 9. h3 h5 10. Bg5 Qd7 11. Qd2 Nh7 12. Bh6 f5 13. Bxg7 Qxg7 14. exf5 Bxf5 15. Ne4 Rad8 16. a3 Nf6 17. Kh2 b6 18. Nxf6+ Qxf6 19. Bxc6 g5 20. Bg2 g4 21. h4 Kh7 22. Nc3 Qg6 23. Rad1 Rd7 24. Bd5 Be6 25. Bxe6 Qxe6 26. Ne4 Qf5 27. Ng5+ Kg6 28. Qe3 Re8 29. Qe4 Rf8 30. Qxf5+ Rxf5 31. f3 d5 32. Kg2 dxc4 33. dxc4 gxf3+ 34. Nxf3 Rxd1 35. Rxd1 e4 36. Ng5 e3 37. Re1 Re5 38. Kf3 Re7 39. Rxe3 Rd7 40. Ke2 Kf5 41. Nf3 Kf6 42. Re5 Kg6 43. Rg5+ Kh6 44. Ne5 Rd4 45. b3 Re4+ 46. Kd2 Rd4+ 47. Kc2 Re4 48. Nd3 Re2+ 49. Kc3 Re3 50. Kd2 1-0

[Event "ROM-ch U14"]
[Site "Mamaia"]
[Date "2021.04.11"]
[Round "6"]
[White "Taran, Sebastian"]
[Black "Boghici, Mario Bogdan"]
[Result "0-1"]
[WhiteElo "1530"]
[BlackElo "1552"]
[PlyCount "68"]
[EventDate "2021.04.07"]
[EventType "swiss"]
[EventRounds "9"]
[EventCountry "ROU"]
[SourceTitle "EXT 2022"]
[Source "ChessBase"]
[SourceDate "2021.10.06"]
[SourceVersion "1"]
[SourceVersionDate "2021.10.06"]
[SourceQuality "1"]

1. d4 f5 2. e4 fxe4 3. Nc3 Nf6 4. Bg5 g6 5. d5 Bg7 6. Qd4 0-0 7. Bxf6 exf6 8. Bc4 d6 9. 0-0-0 f5 10. Qe3 Nd7 11. h3 Ne5 12. Bb3 Qh4 13. g3 Qh6 14. Nb5 Rf7 15. Nd4 Ng4 16. hxg4 Qxh1 17. Ngf3 Bxd4 18. Nxd4 Qh3 19. Qg5 Bd7 20. Ne6 Qxg4 21. Qh6 Bxe6 22. dxe6 Re7 23. Rh1 Qe2 24. Qg5 Rae8 25. c3 Qxf2 26. Qf6 Qxg3 27. Qf7+ Rxf7 28. exf7+ Kf8 29. Rxh7 Qe5 30. fxe8Q+ Kxe8 31. Rxc7 e3 32. Ba4+ Kf8 33. Rc8+ Kg7 34. Rg8+ Kxg8 0-1

[Event "ROM-ch U14"]
[Site "Mamaia"]
[Date "2021.04.08"]
[Round "2"]
[White "Taran, Sebastian"]
[Black "Soare, Andrei"]
[Result "1-0"]
[WhiteElo "1530"]
[BlackElo "1155"]
[PlyCount "27"]
[EventDate "2021.04.07"]
[EventType "swiss"]
[EventRounds "9"]
[EventCountry "ROU"]
[SourceTitle "EXT 2022"]
[Source "ChessBase"]
[SourceDate "2021.10.06"]
[SourceVersion "1"]
[SourceVersionDate "2021.10.06"]
[SourceQuality "1"]

1. e4 e5 2. Nf3 Nc6 3. Bb5 f6 4. Nh4 d5 5. Qh5+ Ke7 6. Ng6+ hxg6 7. Qxh8 Nh6 8. b3 dxe4 9. Ba3+ Kf7 10. Qh7 Be6 11. Qh8 Nd4 12. Bxf8 Nxc2+ 13. Kd1 Nxa1 14. Qxg7# 1-0

[Event "FISCA Online U14 op"]
[Site "Chess.com INT"]
[Date "2020.05.10"]
[Round "2"]
[White "Taran, Sebastian"]
[Black "Burja Udrea, Razvan Andrei"]
[Result "1-0"]
[WhiteElo "1561"]
[BlackElo "1246"]
[PlyCount "83"]
[EventDate "2020.05.09"]
[EventType "swiss"]
[EventRounds "9"]
[EventCountry "ROU"]
[SourceTitle "EXT 2021"]
[Source "ChessBase"]
[SourceDate "2020.10.23"]
[SourceVersion "1"]
[SourceVersionDate "2020.10.23"]
[SourceQuality "1"]

1. e4 e5 2. Nf3 Nc6 3. Bc4 Bc5 4. c3 Nf6 5. d3 h6 6. h3 d6 7. a4 a5 8. Na3 Bxa3 9. Rxa3 0-0 10. Be3 d5 11. exd5 Nxd5 12. Bc5 Re8 13. 0-0 b6 14. Be3 Nxe3 15. fxe3 Bb7 16. Nd2 Re7 17. Qh5 Qf8 18. Bd5 Nd8 19. Be4 Bxe4 20. Nxe4 Nb7 21. Qf3 Re6 22. Raa1 Nd6 23. Rf2 Nxe4 24. Qxe4 Rd8 25. Raf1 Rd7 26. d4 exd4 27. Qxe6 Re7 28. Qc4 dxe3 29. Re2 Qd8 30. Rfe1 Qe8 31. Qb5 Qd8 32. Rxe3 Rxe3 33. Rxe3 Qd1+ 34. Kh2 Qd6+ 35. Qe5 Qd2 36. Qe8+ Kh7 37. Rg3 Qf4 38. Qf8 g5 39. Qc8 h5 40. h4 gxh4 41. Qg8+ Kh6 42. Qh8# 1-0

[Event "ROM-ch U12"]
[Site "Calimanesti Caciulata"]
[Date "2019.04.22"]
[Round "9"]
[White "Berechet, Eduard Mihai"]
[Black "Taran, Sebastian"]
[Result "0-1"]
[WhiteElo "1398"]
[BlackElo "1540"]
[PlyCount "76"]
[EventDate "2019.04.15"]
[EventType "swiss"]
[EventRounds "9"]
[EventCountry "ROU"]
[SourceTitle "CBM 190 Extra"]
[Source "ChessBase"]
[SourceDate "2019.07.15"]
[SourceVersion "1"]
[SourceVersionDate "2019.07.15"]
[SourceQuality "1"]

1. e4 e6 2. d4 d5 3. c4 dxe4 4. Nc3 f5 5. f3 exf3 6. Nxf3 Nf6 7. Bd3 Bb4 8. Bg5 0-0 9. 0-0 c5 10. Bc2 cxd4 11. Nb5 Nc6 12. Nbxd4 Bc5 13. Be3 Ng4 14. Bf2 Nxf2 15. Rxf2 Nxd4 16. Nxd4 Qxd4 17. Qe2 Qxf2+ 18. Qxf2 b6 19. b4 Bxf2+ 20. Kxf2 Rd8 21. Bb3 Bb7 22. Re1 Kf7 23. c5 Bd5 24. Bxd5 Rxd5 25. cxb6 axb6 26. Re2 Ra4 27. Rb2 Rb5 28. Rc2 Raxb4 29. Rc7+ Kf6 30. Kf3 Ra4 31. Rc2 g5 32. h3 h5 33. Kg3 g4 34. Rd2 Kg5 35. Rd6 h4+ 36. Kh2 g3+ 37. Kg1 Rb1+ 38. Rd1 Rxd1# 0-1

[Event "ROM-ch U12"]
[Site "Calimanesti Caciulata"]
[Date "2019.04.19"]
[Round "6"]
[White "Taran, Sebastian"]
[Black "Rosca, Mario Andrei"]
[Result "1-0"]
[WhiteElo "1540"]
[BlackElo "1337"]
[PlyCount "40"]
[EventDate "2019.04.15"]
[EventType "swiss"]
[EventRounds "9"]
[EventCountry "ROU"]
[SourceTitle "CBM 190 Extra"]
[Source "ChessBase"]
[SourceDate "2019.07.15"]
[SourceVersion "1"]
[SourceVersionDate "2019.07.15"]
[SourceQuality "1"]

1. e4 c5 2. Nf3 g6 3. d4 cxd4 4. Nxd4 Nc6 5. Nc3 Bg7 6. Be3 Nf6 7. Be2 0-0 8. Qd2 d5 9. exd5 Nxd5 10. Nxd5 Qxd5 11. Bf3 Qd7 12. Nxc6 bxc6 13. Qxd7 Bxd7 14. 0-0-0 Rfd8 15. Rxd7 Rxd7 16. Bxc6 Rad8 17. Bxd7 Rxd7 18. c3 e6 19. Rd1 Rc7 20. Rd8+ Bf8 1-0

[Event "ROM-ch U12"]
[Site "Calimanesti Caciulata"]
[Date "2019.04.17"]
[Round "3"]
[White "Neghiu, Cristian Andrei"]
[Black "Taran, Sebastian"]
[Result "1-0"]
[WhiteElo "1800"]
[BlackElo "1540"]
[PlyCount "87"]
[EventDate "2019.04.15"]
[EventType "swiss"]
[EventRounds "9"]
[EventCountry "ROU"]
[SourceTitle "CBM 190 Extra"]
[Source "ChessBase"]
[SourceDate "2019.07.15"]
[SourceVersion "1"]
[SourceVersionDate "2019.07.15"]
[SourceQuality "1"]

1. d4 e6 2. c4 f5 3. Nc3 Nf6 4. Bf4 Be7 5. e3 d6 6. Nf3 a5 7. h3 0-0 8. Bd3 Nc6 9. a3 Nh5 10. Bh2 d5 11. cxd5 exd5 12. Rc1 Nf6 13. Ne5 Be6 14. Nxc6 bxc6 15. 0-0 Bd6 16. Bxd6 cxd6 17. Ne2 Rc8 18. Nf4 Bd7 19. Rc2 g5 20. Nh5 Qe8 21. Nxf6+ Rxf6 22. Qf3 Qf7 23. b4 axb4 24. axb4 Rb8 25. Rb1 g4 26. Qg3 Rg6 27. h4 h5 28. Ra2 Rb7 29. Ra8+ Kg7 30. Ba6 Rc7 31. Rc1 Be6 32. Qxd6 Bc8 33. Qe5+ Kh7 34. Bxc8 Re7 35. Qxf5 Qg7 36. Rxc6 Qf7 37. Qxh5+ Kg7 38. Qxg6+ Qxg6 39. Rxg6+ Kxg6 40. b5 Kh5 41. b6 g3 42. b7 Kxh4 43. fxg3+ Kh5 44. b8Q 1-0

[Event "ROM-ch U12"]
[Site "Calimanesti Caciulata"]
[Date "2019.04.17"]
[Round "4"]
[White "Taran, Sebastian"]
[Black "Gorea, Rares Andrei"]
[Result "0-1"]
[WhiteElo "1540"]
[BlackElo "1314"]
[PlyCount "96"]
[EventDate "2019.04.15"]
[EventType "swiss"]
[EventRounds "9"]
[EventCountry "ROU"]
[SourceTitle "CBM 190 Extra"]
[Source "ChessBase"]
[SourceDate "2019.07.15"]
[SourceVersion "1"]
[SourceVersionDate "2019.07.15"]
[SourceQuality "1"]

1. e4 e6 2. d4 d5 3. Nc3 dxe4 4. Nxe4 Be7 5. Nf3 Nf6 6. Bd3 Nbd7 7. Nxf6+ Nxf6 8. 0-0 0-0 9. Ne5 Bd6 10. Ng4 Nxg4 11. Qxg4 e5 12. Qe4 g6 13. dxe5 Bf5 14. Qd4 Bxd3 15. cxd3 Be7 16. Qc3 Re8 17. Bh6 b6 18. Rfe1 a5 19. e6 f6 20. h3 Kh8 21. Bg5 Kg7 22. a3 h6 23. Bf4 Bd6 24. Be3 g5 25. h4 Rxe6 26. hxg5 hxg5 27. Bxg5 Qd7 28. d4 fxg5 29. d5+ Rf6 30. Re6 Qf7 31. Rae1 Bc5 32. R1e2 Rd8 33. b4 axb4 34. axb4 Bf8 35. Qe5 Kg6 36. f4 gxf4 37. Qxf4 Rxd5 38. Qg4+ Rg5 39. Qe4+ Kg7 40. Qd4 Rgf5 41. g4 Rf4 42. R6e4 Rxe4 43. Rxe4 Kg8 44. Qe3 c5 45. Kg2 Qa2+ 46. Kh3 Rh6+ 47. Kg3 Qh2+ 48. Kf3 Rh3# 0-1

[Event "ROM-ch U12"]
[Site "Calimanesti Caciulata"]
[Date "2019.04.16"]
[Round "2"]
[White "Taran, Sebastian"]
[Black "Anghelus, Alexandru Mihai"]
[Result "1-0"]
[WhiteElo "1540"]
[BlackElo "1262"]
[PlyCount "67"]
[EventDate "2019.04.15"]
[EventType "swiss"]
[EventRounds "9"]
[EventCountry "ROU"]
[SourceTitle "CBM 190 Extra"]
[Source "ChessBase"]
[SourceDate "2019.07.15"]
[SourceVersion "1"]
[SourceVersionDate "2019.07.15"]
[SourceQuality "1"]

1. e4 c6 2. d4 d5 3. e5 Bf5 4. Nf3 e6 5. Be2 Nd7 6. Be3 a6 7. 0-0 c5 8. Re1 cxd4 9. Nxd4 Nxe5 10. Nxf5 exf5 11. Bf4 Nc6 12. Bxa6+ Be7 13. Bxb7 Rc8 14. Bxc8 Qxc8 15. c3 Nf6 16. Bd6 Qd7 17. Bxe7 Nxe7 18. Qe2 Ne4 19. f3 Ng5 20. Nd2 Ne6 21. Nb3 Qa7+ 22. Qe3 Qxe3+ 23. Rxe3 f4 24. Re2 0-0 25. Nd4 Nxd4 26. Rxe7 Nf5 27. Rb7 Ne3 28. a4 g5 29. a5 Re8 30. a6 Nc2 31. Rc1 Ne3 32. a7 Kg7 33. Rb8 Rxb8 34. axb8Q 1-0

[Event "ROM-ch U10"]
[Site "Calimanesti"]
[Date "2018.04.02"]
[Round "8"]
[White "Ciocani, Iosif"]
[Black "Taran, Sebastian"]
[Result "1-0"]
[WhiteElo "1471"]
[BlackElo "1326"]
[PlyCount "71"]
[EventDate "2018.03.27"]
[EventType "swiss"]
[EventRounds "9"]
[EventCountry "ROU"]
[SourceTitle "CBM 183 Extra"]
[Source "ChessBase"]
[SourceDate "2018.04.19"]
[SourceVersion "1"]
[SourceVersionDate "2018.04.19"]
[SourceQuality "1"]

1. d4 Nf6 2. e3 d5 3. Nf3 e6 4. Bd3 c5 5. c3 Nc6 6. Nbd2 Be7 7. 0-0 0-0 8. dxc5 Bxc5 9. e4 dxe4 10. Nxe4 Nxe4 11. Bxe4 Bd7 12. Bf4 Qe7 13. b4 e5 14. Bxc6 Bxc6 15. Nxe5 Qf6 16. Bg3 Bb6 17. Nxc6 Qxc6 18. Qb3 Kh8 19. c4 f5 20. c5 Bd8 21. Bd6 Rf6 22. Rfe1 Bb6 23. Qf3 Qxf3 24. gxf3 Rg6+ 25. Kf1 h6 26. Re7 Bd8 27. Rxb7 Bf6 28. Rc1 Bd4 29. Bf4 h5 30. c6 Bb6 31. c7 Bxc7 32. Rbxc7 Kh7 33. Rc8 Rxc8 34. Rxc8 Rb6 35. a3 Ra6 36. Rc3 1-0

[Event "ROM-ch U10"]
[Site "Calimanesti"]
[Date "2018.03.29"]
[Round "4"]
[White "Vasilescu, Alexandru"]
[Black "Taran, Sebastian"]
[Result "0-1"]
[WhiteElo "1110"]
[BlackElo "1326"]
[PlyCount "65"]
[EventDate "2018.03.27"]
[EventType "swiss"]
[EventRounds "9"]
[EventCountry "ROU"]
[SourceTitle "CBM 183 Extra"]
[Source "ChessBase"]
[SourceDate "2018.04.19"]
[SourceVersion "1"]
[SourceVersionDate "2018.04.19"]
[SourceQuality "1"]

1. d4 Nf6 2. c4 e6 3. Nc3 Bb4 4. e3 d5 5. Bd3 c5 6. Bd2 a6 7. b3 dxc4 8. bxc4 cxd4 9. Nce2 Bxd2+ 10. Qxd2 dxe3 11. Qxe3 0-0 12. Nf3 Qa5+ 13. Nd2 Nc6 14. a3 Rd8 15. 0-0 Ne5 16. Nc1 Nxd3 17. Nxd3 Qc3 18. Rfd1 Rxd3 19. Ne4 Nxe4 20. Qxd3 Qxd3 21. Rxd3 Kf8 22. Rad1 Nf6 23. c5 Ke7 24. Kf1 Bd7 25. Rb3 Bb5+ 26. Ke1 Rc8 27. Rc3 Ne4 28. Rcc1 Nxc5 29. g3 Nd3+ 30. Rxd3 Rxc1+ 31. Rd1 Rxd1+ 32. Kxd1 Kd6 33. Kd2 0-1

[Event "ROM-ch U10"]
[Site "Calimanesti"]
[Date "2018.03.27"]
[Round "1"]
[White "Taran, Sebastian"]
[Black "Covrig, Raul Alexandru"]
[Result "0-1"]
[WhiteElo "1326"]
[BlackElo "1125"]
[PlyCount "97"]
[EventDate "2018.03.27"]
[EventType "swiss"]
[EventRounds "9"]
[EventCountry "ROU"]
[SourceTitle "CBM 183 Extra"]
[Source "ChessBase"]
[SourceDate "2018.04.19"]
[SourceVersion "1"]
[SourceVersionDate "2018.04.19"]
[SourceQuality "1"]

1. e4 g6 2. d4 Bg7 3. Nf3 d6 4. Be3 Nf6 5. Nbd2 0-0 6. c3 Nbd7 7. Bd3 e5 8. Qc2 b6 9. 0-0 Bb7 10. Rad1 Rc8 11. Nc4 Qe7 12. d5 c6 13. dxc6 Bxc6 14. Ncd2 b5 15. Bxa7 Ra8 16. Be3 Rxa2 17. c4 b4 18. Qb3 Rfa8 19. Rb1 Nc5 20. Bxc5 dxc5 21. Qd1 Rd8 22. Qe2 Qd6 23. Bc2 Bh6 24. Rfd1 Nh5 25. g3 Qe6 26. Kg2 f5 27. Nb3 Rxd1 28. Rxd1 Rxb2 29. exf5 gxf5 30. Kg1 Qg6 31. Nxe5 Nf4 32. Qe1 Nh3+ 33. Kf1 Qf6 34. Nxc6 Qxc6 35. Rd8+ Bf8 36. Qe7 Qh1+ 37. Ke2 Rxc2+ 38. Nd2 Qe4+ 39. Qxe4 fxe4 40. Ke3 Ng5 41. h4 Ne6 42. Rb8 Kf7 43. Nxe4 Rxc4 44. Rb6 Rc2 45. Kd3 Nd4 46. Ng5+ Kg8 47. Ne6 Rc3+ 48. Kd2 Nxe6 49. Rxe6 0-1

[Event "ROM-ch U10"]
[Site "Baile Felix"]
[Date "2017.02.06"]
[Round "6"]
[White "Taran, Sebastian"]
[Black "Magold, Filip"]
[Result "1-0"]
[WhiteElo "1425"]
[BlackElo "1425"]
[PlyCount "51"]
[EventDate "2017.02.02"]
[EventType "swiss"]
[EventRounds "9"]
[EventCountry "ROU"]
[SourceTitle "CBM 176 Extra"]
[Source "ChessBase"]
[SourceDate "2017.03.02"]
[SourceVersion "1"]
[SourceVersionDate "2017.03.02"]
[SourceQuality "1"]

1. e4 c6 2. d4 d5 3. e5 e6 4. Be3 Nd7 5. Nf3 c5 6. c3 cxd4 7. cxd4 Ne7 8. Bd3 Nc6 9. a3 Qb6 10. b4 Be7 11. 0-0 0-0 12. Nc3 a6 13. Na4 Qc7 14. Qc2 h6 15. Qd2 Re8 16. Nc5 Nf8 17. Rac1 Bd7 18. Rc2 Bxc5 19. Rxc5 b6 20. Rc2 Qb7 21. Bxh6 gxh6 22. Qxh6 Bc8 23. Ng5 Nxd4 24. Bh7+ Nxh7 25. Nxh7 Qe7 26. Nf6+ 1-0

[Event "ROM-ch U10"]
[Site "Baile Felix"]
[Date "2017.02.04"]
[Round "3"]
[White "Szegedy, Matyas"]
[Black "Taran, Sebastian"]
[Result "0-1"]
[WhiteElo "1196"]
[BlackElo "1425"]
[PlyCount "92"]
[EventDate "2017.02.02"]
[EventType "swiss"]
[EventRounds "9"]
[EventCountry "ROU"]
[SourceTitle "CBM 176 Extra"]
[Source "ChessBase"]
[SourceDate "2017.03.02"]
[SourceVersion "1"]
[SourceVersionDate "2017.03.02"]
[SourceQuality "1"]

1. e4 e5 2. Nf3 d5 3. Nxe5 dxe4 4. Bc4 Qg5 5. Nxf7 Qxg2 6. Rf1 Bg4 7. Be2 Bxe2 8. Qxe2 Kxf7 9. Qh5+ Qg6 10. Qd5+ Qe6 11. Qxb7 Qc6 12. Qb3+ Ke8 13. Nc3 Nf6 14. Qb5 Qxb5 15. Nxb5 Bd6 16. h3 Nbd7 17. Rg1 Kf7 18. b3 a6 19. Nxd6+ cxd6 20. Ba3 d5 21. Ke2 Ne5 22. Bb2 Nf3 23. Rgd1 d4 24. d3 Rac8 25. Rac1 Ng5 26. h4 exd3+ 27. Rxd3 Rhe8+ 28. Kf1 Ne6 29. Bxd4 Nxd4 30. Rxd4 Re4 31. Rxe4 Nxe4 32. f3 Nc3 33. Ra1 Kf6 34. a4 Nd5 35. c4 Nb4 36. Re1 Rd8 37. Re2 Rd3 38. Kf2 Rxb3 39. Re3 Rxe3 40. Kxe3 Ke5 41. f4+ Kd6 42. Kd4 Nc6+ 43. Kc3 Kc5 44. h5 Na5 45. f5 h6 46. Kd3 Nxc4 0-1

[Event "ROM-ch U10"]
[Site "Baile Felix"]
[Date "2017.02.03"]
[Round "2"]
[White "Taran, Sebastian"]
[Black "Stan, Anghel Cristian"]
[Result "1-0"]
[WhiteElo "1425"]
[BlackElo "1197"]
[PlyCount "62"]
[EventDate "2017.02.02"]
[EventType "swiss"]
[EventRounds "9"]
[EventCountry "ROU"]
[SourceTitle "CBM 176 Extra"]
[Source "ChessBase"]
[SourceDate "2017.03.02"]
[SourceVersion "1"]
[SourceVersionDate "2017.03.02"]
[SourceQuality "1"]

1. e4 c5 2. Nf3 Nc6 3. d4 cxd4 4. Nxd4 g6 5. Nc3 Bg7 6. Be3 Nf6 7. f3 Qa5 8. Qd2 0-0 9. 0-0-0 Rd8 10. Bb5 a6 11. Bxc6 dxc6 12. Nxc6 Rxd2 13. Nxa5 Rxg2 14. Rd8+ Bf8 15. Bh6 Kh8 16. Bxf8 Ng8 17. Bxe7 Kg7 18. Bf8+ Kh8 19. Bd6 Kg7 20. Nd5 Rg5 21. f4 Rh5 22. Be5+ f6 23. Rxg8+ Kxg8 24. Nxf6+ Kf7 25. Nxh5 gxh5 26. Nc4 Be6 27. Nd6+ Ke7 28. Rg1 Rf8 29. Rg7+ Bf7 30. Nxf7 Rxf7 31. Rxf7+ Kxf7 1-0

[Event "ROM-ch U08"]
[Site "Calimanesti Caciulata"]
[Date "2016.04.21"]
[Round "4"]
[White "Taran, Sebastian"]
[Black "Magold, Filip"]
[Result "0-1"]
[WhiteElo "1242"]
[BlackElo "1383"]
[PlyCount "76"]
[EventDate "2016.04.18"]
[EventType "swiss"]
[EventRounds "9"]
[EventCountry "ROU"]
[SourceTitle "CBM 172 Extra"]
[Source "ChessBase"]
[SourceDate "2016.06.21"]
[SourceVersion "1"]
[SourceVersionDate "2016.06.21"]
[SourceQuality "1"]

1. e4 c6 2. d4 d5 3. Nc3 dxe4 4. Nxe4 Bf5 5. Ng3 Bg6 6. Nf3 Nf6 7. Bd3 e6 8. Be3 Nbd7 9. 0-0 Bd6 10. Re1 0-0 11. c4 e5 12. dxe5 Nxe5 13. Nxe5 Bxe5 14. Bxg6 hxg6 15. Rb1 Re8 16. b3 Qc7 17. Qf3 Qa5 18. a4 Qc7 19. Rbd1 a6 20. c5 Re7 21. Re2 Rae8 22. Bg5 Bxg3 23. Rxe7 Bxf2+ 24. Kh1 Rxe7 25. g3 Bxg3 26. hxg3 Qe5 27. Kg1 Qxg5 28. Kg2 Ng4 29. Rd8+ Kh7 30. Rd4 Ne3+ 31. Kh3 Nf5 32. Rg4 Qh5+ 33. Kg2 Ne3+ 34. Kf2 Nxg4+ 35. Kg2 Qh2+ 36. Kf1 Ne3+ 37. Ke1 Nc2+ 38. Kf1 Re1# 0-1

[Event "ROM-ch U08"]
[Site "Calimanesti"]
[Date "2015.03.30"]
[Round "1"]
[White "Nicolae, Dan Stefan"]
[Black "Taran, Sebastian"]
[Result "1-0"]
[WhiteElo "1271"]
[BlackElo "1034"]
[PlyCount "67"]
[EventDate "2015.03.30"]
[EventType "swiss"]
[EventRounds "9"]
[EventCountry "ROU"]
[SourceTitle "CBM 165 Extra"]
[Source "ChessBase"]
[SourceDate "2015.04.21"]
[SourceVersion "1"]
[SourceVersionDate "2015.04.21"]
[SourceQuality "1"]

1. e4 e6 2. d4 d5 3. exd5 exd5 4. Nf3 Nf6 5. c4 Bb4+ 6. Bd2 Bxd2+ 7. Nbxd2 0-0 8. Be2 Re8 9. 0-0 Qe7 10. Re1 Nc6 11. Bd3 Qd7 12. Qc2 a6 13. h3 b6 14. a3 dxc4 15. Rxe8+ Nxe8 16. Bxh7+ Kf8 17. Be4 b5 18. b3 cxb3 19. Qxc6 Qxc6 20. Bxc6 Rb8 21. Re1 Bf5 22. Nxb3 Nd6 23. Nc5 a5 24. g4 Bc8 25. d5 Kg8 26. Nd7 Bxd7 27. Bxd7 Nc4 28. Ra1 b4 29. axb4 axb4 30. Rb1 b3 31. Ne1 b2 32. Nd3 Rb3 33. Bb5 Rxd3 34. Bxc4 1-0